| 000 | 00301 a2200121 4500 | ||
|---|---|---|---|
| 001 | 64337 | ||
| 082 | _a532 ARI | ||
| 090 |
_c37973 _d37973 |
||
| 100 | _aAriz R | ||
| 245 | _aVectors Tensors and the Basic Equations of Fluid Mechanics | ||
| 260 |
_aNY _bDover Publication Inc _c1989 |
||
| 300 | _a286p | ||
| 942 |
_aNUST-CAE _k532 ARI |
||
| 999 |
_c299410 _d299410 |
||